Gaming Quiz

Random Gaming or Video Games Quiz

Sonic Zones by ANY Word Quiz Stats

 Plays Quiz not verified by Sporcle

Score 0/58 Timer 04:00
0 Plays Today
Console Missing Word % Correct
Sonic the HedgehogGreen Hill
96.4%
Sonic the Hedgehog (MS)Green Hill
96.4%
Sonic ChaosMecha Green Hill
96.4%
Sonic the Hedgehog 2Emerald Hill
91.4%
Sonic & KnucklesMushroom Hill
89.1%
Sonic the Hedgehog 2Hill Top
86.6%
Sonic ChaosTurquoise Hill
86.3%
Sonic the Hedgehog 2 (MS)Green Hills
80.3%
Sonic the Hedgehog 3Marble Garden
73.6%
Sonic the Hedgehog 2Death Egg
73.3%
Sonic & KnucklesDeath Egg
73.3%
Sonic the HedgehogMarble
72.7%
Sonic the Hedgehog 2Casino Night
72.3%
Sonic the Hedgehog (MS)Sky Base
69.5%
Sonic the Hedgehog 2Chemical Plant
68.9%
Sonic the HedgehogStar Light
68.3%
Sonic the Hedgehog 2 (MS)Sky High
68.3%
Sonic the Hedgehog 2Sky Chase
68.2%
Sonic & KnucklesSky Sanctuary
68.1%
Sonic the Hedgehog 2Oil Ocean
65.6%
Sonic the Hedgehog 3Carnival Night
62.7%
Sonic the Hedgehog 3Angel Island
62.2%
Sonic the HedgehogFinal
61.3%
Sonic the HedgehogScrap Brain
60.5%
Sonic the Hedgehog (MS)Scrap Brain
60.5%
Sonic the HedgehogLabyrinth
59.3%
Sonic the Hedgehog (MS)Labyrinth
59.3%
Sonic the HedgehogSpring Yard
58.5%
Sonic the Hedgehog 2Mystic Cave
57.8%
Console Missing Word % Correct
Sonic the Hedgehog 2 (MS)Crystal Egg
57.7%
Sonic the Hedgehog 2 (MS)Scrambled Egg
57.4%
Sonic ChaosElectric Egg
56.9%
Sonic ChaosSleeping Egg
56.7%
Sonic the Hedgehog 2Aquatic Ruin
56.7%
Sonic the Hedgehog 3Ice Cap
56.4%
Sonic & KnucklesLava Reef
53.1%
Sonic & KnucklesFlying Battery
51.7%
Sonic the Hedgehog 3Launch Base
51.5%
Sonic the Hedgehog 3Hydrocity
50.6%
Sonic the Hedgehog 2Metropolis
50.2%
Sonic the Hedgehog 2Wing Fortress
50.2%
Sonic the Hedgehog 2 (MS)Aqua Lake
45.8%
Sonic & KnucklesHidden Palace
45.2%
Sonic ChaosAqua Planet
43.1%
Sonic & KnucklesSandopolis
41.9%
Sonic CDPalmtree Panic
40.7%
Sonic & KnucklesDoomsday
39.1%
Sonic CDStardust Speedway
39.1%
Sonic CDCollision Chaos
38.5%
Sonic CDMetallic Madness
35.7%
Sonic the Hedgehog (MS)Bridge
34.5%
Sonic CDWacky Workbench
34.4%
Sonic the Hedgehog (MS)Jungle
31.4%
Sonic CDQuartz Quadrant
30.3%
Sonic CDTidal Tempest
28.3%
Sonic the Hedgehog 2 (MS)Under Ground
26.5%
Sonic the Hedgehog 2 (MS)Gimmick Mountain
24.1%
Sonic ChaosGigalopolis
8.4%

You're not logged in!

Compare scores with friends on all Sporcle quizzes.
OR
Log In

Show Comments

Extras

Top Quizzes Today


Score Distribution

Your Account Isn't Verified!

In order to create a playlist on Sporcle, you need to verify the email address you used during registration. Go to your Sporcle Settings to finish the process.

Report this User

Report this user for behavior that violates our Community Guidelines.

Details: